Marine electrical practice (Record no. 3564)

000 -LEADER
fixed length control field 00412nam a22001577a 4500
008 - FIXED-LENGTH DATA ELEMENTS--GENERAL INFORMATION
fixed length control field 200619b ||||| |||| 00| 0 eng d
082 00 - DEWEY DECIMAL CLASSIFICATION NUMBER
Classification number 623.8503
Item number W3371
100 ## - MAIN ENTRY--PERSONAL NAME
9 (RLIN) 1
Personal name Watson, G. O.
245 10 - TITLE STATEMENT
Title Marine electrical practice
250 ## - EDITION STATEMENT
Edition statement 1st ed.
260 ## - PUBLICATION, DISTRIBUTION, ETC. (IMPRINT)
Place of publication, distribution, etc London
Name of publisher, distributor, etc Newnes-Butterworths
Date of publication, distribution, etc 1957
300 ## - PHYSICAL DESCRIPTION
Extent viii,325p.
365 ## - TRADE PRICE
Unit of pricing 22.75
650 #0 - SUBJECT ADDED ENTRY--TOPICAL TERM
Topical term or geographic name as entry element Electrical Engineering
942 ## - ADDED ENTRY ELEMENTS (KOHA)
Item type Books
Holdings
Withdrawn status Lost status Source of classification or shelving scheme Damaged status Not for loan Permanent location Current location Date acquired Source of acquisition Full call number Barcode Date last seen Koha item type
          IMU Kolkata IMU Kolkata 1959-02-06 Book center 623.8503 W3371 02469 2020-06-19 Books
          IMU Kolkata IMU Kolkata 1959-02-06 Book center 623.8503 W3371 02470 2020-06-19 Books
          IMU Kolkata IMU Kolkata 1959-02-06 Book center 623.8503 W3371 02471 2020-06-19 Books
Designed and Maintained by IMU-KC Library, Kolkata Campus © Copyright All Rights Reserved

webs counters

Powered by Koha